zpět

Detail výsledku týmu

Klub Tyjátr, Svitavy

Datum a čas kvízu

31 Celkem bodů Celkový počet nahraných bodů na tomto kvízu bez doplňovacích otázek.
2. Pořadí na kvízu Konečné umístění týmu na tomto kvízu.

Zaznamenané odpovědi

# Otázka Odpověď Body Výsledky
1. Minulý týden navštívila Českou... Evropský parlament 0
2. Pokutami v celkové výši přes 3... Donald Trump 1
3. Jak se nazývá německý zámek, j... Moritzburg 0
4. Minulý týden vydal Český stati... A 1
5. Který norský sportovec získal... Johannes Bö 1
6. Obec s nejdelším názvem v Česk... A 0
7. Česká republika hraničí se čty... 1D 2C 3A 4B 1
8. Nejvýše položená železniční st... Kubova 1
9. V této otázce bude potřeba k z... 1A 2C 3D 4B 1
10. V České republice jsou čtyři ú... Krkonošský NP 1